BSOP header

Manual for field supervision : (Record no. 5954)

MARC details
000 -LEADER
fixed length control field 00567nam a2200157 4500
008 - FIXED-LENGTH DATA ELEMENTS--GENERAL INFORMATION
fixed length control field 020212s1979 us engYA
090 ## - LOCALLY ASSIGNED LC-TYPE CALL NUMBER (OCLC); LOCAL CALL NUMBER (OCLC)
Classification number (OCLC) (R) ; Classification number, CALL (RLIN) (NR) BV4264.5
Local cutter number (OCLC) ; Book number/undivided call number, CALL (RLIN) M31
245 10 - TITLE STATEMENT
Title Manual for field supervision :
Remainder of title in pastoral internships /
Statement of responsibility, etc .
260 ## - PUBLICATION, DISTRIBUTION, ETC. (IMPRINT)
Place of publication, distribution, etc Texas :
Name of publisher, distributor, etc Dallas Theological Seminary,
Date of publication, distribution, etc c1979.
300 ## - PHYSICAL DESCRIPTION
Extent 52 p. :
Other physical details ills.
650 #4 - SUBJECT ADDED ENTRY--TOPICAL TERM
Topical term or geographic name as entry element Pastoral Theology
General subdivision Field work.
651 #4 - SUBJECT ADDED ENTRY--GEOGRAPHIC NAME
Geographic name Pastoral theology
General subdivision Study and teaching (Internship).
951 ## - EQUIVALENCE OR CROSS-REFERENCE-GEOGRAPHIC NAME/AREA NAME [OBSOLETE] [CAN/MARC only]
General subdivision 00016039
710 22 - ADDED ENTRY--CORPORATE NAME
Corporate name or jurisdiction name as entry element Dallas Theological Seminary
950 0# - LOCAL HOLDINGS (RLIN)
-- .00
951 ## - EQUIVALENCE OR CROSS-REFERENCE-GEOGRAPHIC NAME/AREA NAME [OBSOLETE] [CAN/MARC only]
-- 24479
-- BV4264.5/M31
-- 070613111043484
-- 2000-12-21
-- REF
Holdings
Withdrawn status Lost status Damaged status Not for loan Home library Current library Shelving location Date acquired Accession number Shelving control number Total Checkouts Full call number Barcode Date last seen Price effective from Koha item type
        BSOP Library BSOP Library Reference 12/21/2000 24479 127   BV4264.5/M31 00016039 02/23/2013 02/23/2013 Books
BSOP

Biblical Seminary of the Philippines
  All rights Reserved
  © 2024

CONTACT INFORMATION

Biblical Seminary of the Philippines,
  77-B Karuhatan Road, Valenzuela City,
  PHILIPPINES 1441
  Phone: +632 8292-6795 / 8292-6798
  Fax : +632 8292-6675
  Email: library@bsop.edu.ph